| 000 | 00620nam a2200217Ia 4500 | ||
|---|---|---|---|
| 005 | 20231129114100.0 | ||
| 008 | 131103s9999 xx 000 0 und d | ||
| 040 | _aLoreto College | ||
| 041 | _aEnglish | ||
| 082 |
_a396 _bMAD |
||
| 245 |
_aGreat women of India _cedited by Swami Madhavananda and Ramesh Chandra Majumdar |
||
| 260 |
_aMayavati _badvaita Ashrama _c1953 |
||
| 300 | _axix,551 p. | ||
| 504 | _aIncludes index | ||
| 630 | _aIndian Women - Social Conditions | ||
| 650 | _aWomen - Social Conditions | ||
| 651 | _aWomen Studies | ||
| 700 | _aMadhavananda,Swami,ed. | ||
| 850 | _aLCLIB | ||
| 942 | _cBK | ||
| 999 |
_c11380 _d61859 |
||